Propuesta de implementación de la metodología BIM por medio del diseño y desarrollo de un proyecto piloto tipo residencial
El presente trabajo con metodología BIM optimiza cada fase del proyecto, desde el diseño previo hasta el control y operación de la obra en comparación con la metodología tradicional, con el objetivo de minimizar tiempos improductivos de planificación, organización, dirección y control, para...
| Main Authors: | , , |
|---|---|
| Other Authors: | |
| Format: | Tesis Section = Libro |
| Language: | Undetermined Spanish |
| Published: |
Managua
UNI
2021
|
| Subjects: |
| LEADER | 01704nam a2200277Ia 4500 | ||
|---|---|---|---|
| 008 | 240830s9999 xx 000 0 und d | ||
| 040 | |a BIBLIOTECA-RUPAP/ Mon 624 P438 | ||
| 041 | |a spa | ||
| 082 | |a Mon 624 P438 | ||
| 100 | 1 | |a Pérez Tórrez , Luis Carlos | |
| 100 | 1 | |b Meza Vanegas, Kiyoshi Bayardo | |
| 100 | 1 | |c Guerrero Sándigo, Aura Jocssania | |
| 245 | 1 | 0 | |a Propuesta de implementación de la metodología BIM por medio del diseño y desarrollo de un proyecto piloto tipo residencial |
| 260 | |a Managua |b UNI |c 2021 | ||
| 300 | |a 124 p.:il. | ||
| 500 | |a Contiene: anexos y CD. | ||
| 502 | |a Tesis (Ingeniero Civil)- UNI, 2021. | ||
| 520 | 3 | |a El presente trabajo con metodología BIM optimiza cada fase del proyecto, desde el diseño previo hasta el control y operación de la obra en comparación con la metodología tradicional, con el objetivo de minimizar tiempos improductivos de planificación, organización, dirección y control, para la potencialización de los lineamientos a seguir en cada etapa, para la mejora continua del proceso de diseño y construcción; facilitando el análisis de las variables involucradas en la gestión del proyecto, para la mitigación de los diversos factores técnicos, financieros y operativos que pueden retrasar la ejecución de la obra. | |
| 650 | 7 | |a PROYECTOS DE CONSTRUCCION-PROCESAMIENTO DE DATOS –METODOLOGIA | |
| 650 | 7 | |b PROYECTOS DE CONSTRUCCION-PLANIFICACION-METODOLOGIA | |
| 650 | 7 | |c MODELADO DE INFORMACION DE CONSTRUCCION | |
| 650 | 7 | |d INDUSTRIA DE LA CONSTRUCCION-PROGRAMACION DE DATOS-NICARAGUA. | |
| 700 | 1 | |a Tutor: |b Palacios Rivera, Vianney de Jesús | |
| 942 | |c BK |2 ddc | ||
| 991 | |a TESIS | ||
| 999 | |c 19033 | ||